[Event "Krakow op-B 29th"]
[Site "Krakow"]
[Date "2018.12.31"]
[Round "6"]
[White "Bakalarz, Leszek"]
[Black "Kusnetsov, Igor"]
[Result "1-0"]
[WhiteElo "1927"]
[BlackElo "2094"]
[PlyCount "183"]
[EventDate "2018.12.27"]
[EventType "swiss"]
[EventRounds "9"]
[EventCountry "POL"]
[SourceTitle "CBM 189 Extra"]
[Source "ChessBase"]
[SourceDate "2019.05.31"]
[SourceVersion "1"]
[SourceVersionDate "2019.05.31"]
[SourceQuality "1"]

1. e4 e5 2. Nf3 Nc6 3. Bb5 Nge7 4. 0-0 g6 5. c3 Bg7 6. d4 exd4 7. cxd4 d5 8. exd5 Nxd5 9. Re1+ Be6 10. Bg5 Qd6 11. Nbd2 0-0 12. Ne4 Qb4 13. Bxc6 bxc6 14. Qc1 Rfe8 15. Bd2 Qb6 16. Nc5 Bf5 17. Ne5 Rad8 18. a4 Nb4 19. Bxb4 Bxe5 20. Bc3 Bg7 21. Qf4 Qb8 22. g4 Be6 23. Na6 Qc8 24. Nxc7 Re7 25. Nxe6 fxe6 26. Rad1 Rd5 27. h3 Qd7 28. Qf3 h5 29. a5 Kh7 30. gxh5 Rxh5 31. Re4 Rf7 32. Qg4 Rff5 33. f4 Bf6 34. Rde1 Rh4 35. Qg3 Rfh5 36. Rxe6 Rxh3 37. Qg4 Rh1+ 38. Kf2 Rxe1 39. Kxe1 Rh4 40. Qe2 Rxf4 41. Re4 Rxe4 42. Qxe4 a6 43. Kd2 Kg7 44. Qe2 Qb7 45. Qe6 Qb5 46. Qd7+ Kh6 47. Qh3+ Qh5 48. Qg2 Qg5+ 49. Qxg5+ Kxg5 50. Kd3 Kf5 51. Kc4 Be7 52. d5 c5 53. Be1 g5 54. Bg3 g4 55. d6 Bd8 56. Kxc5 Bxa5 57. b4 Bd8 58. Kc6 Ke6 59. d7 Kf7 60. Kb7 Ke6 61. Kc6 Kf7 62. Bd6 Ke6 63. Bf4 Kf7 64. Bd6 Ke6 65. Bc7 Ke7 66. Bg3 Ke6 67. Bf4 Kf7 68. Kb7 Ke6 69. Kc8 Be7 70. Bc7 Bf6 71. Bd8 Bxd8 72. Kxd8 g3 73. Kc7 g2 74. d8Q g1Q 75. Qd6+ Kf7 76. Qxa6 Qc1+ 77. Qc6 Qf4+ 78. Qd6 Qf1 79. Qd5+ Ke7 80. b5 Qc1+ 81. Kb7 Qa3 82. b6 Qa1 83. Qc5+ Ke6 84. Kb8 Qb2 85. b7 Kd7 86. Qd5+ Ke7 87. Kc7 Qh2+ 88. Kb6 Qb8 89. Qc5+ Kd7 90. Qc6+ Kd8 91. Qf6+ Kd7 92. Qf7+ 1-0

[Event "Krakow op-B 29th"]
[Site "Krakow"]
[Date "2018.12.30"]
[Round "5"]
[White "Kusnetsov, Igor"]
[Black "Nikitin, Aleksander I"]
[Result "0-1"]
[WhiteElo "2094"]
[BlackElo "2031"]
[PlyCount "68"]
[EventDate "2018.12.27"]
[EventType "swiss"]
[EventRounds "9"]
[EventCountry "POL"]
[SourceTitle "CBM 189 Extra"]
[Source "ChessBase"]
[SourceDate "2019.05.31"]
[SourceVersion "1"]
[SourceVersionDate "2019.05.31"]
[SourceQuality "1"]

1. c4 f5 2. Nc3 Nf6 3. d4 d6 4. Nf3 c6 5. Bg5 g6 6. Bxf6 exf6 7. e3 h5 8. Bd3 Na6 9. Nh4 Kf7 10. Qb3 Bh6 11. 0-0-0 Qa5 12. a3 Rb8 13. Kb1 Be6 14. d5 cxd5 15. cxd5 Bd7 16. Bb5 Qb6 17. Nf3 Nc7 18. Ba4 Qxb3 19. Bxb3 b5 20. Ne2 b4 21. a4 Na6 22. Bc4 Nc5 23. b3 Rhc8 24. Nfd4 Ne4 25. Rhf1 Rc7 26. Nc6 Re8 27. Nxb4 Rxc4 28. bxc4 Rb8 29. Kc1 Rxb4 30. a5 Rxc4+ 31. Kb2 Rb4+ 32. Ka3 Ra4+ 33. Kb2 Bb5 34. Rfe1 Nxf2 0-1

[Event "Krakow op-B 29th"]
[Site "Krakow"]
[Date "2018.12.29"]
[Round "4"]
[White "Grishchenko, Mihail"]
[Black "Kusnetsov, Igor"]
[Result "0-1"]
[WhiteElo "1936"]
[BlackElo "2094"]
[PlyCount "86"]
[EventDate "2018.12.27"]
[EventType "swiss"]
[EventRounds "9"]
[EventCountry "POL"]
[SourceTitle "CBM 189 Extra"]
[Source "ChessBase"]
[SourceDate "2019.05.31"]
[SourceVersion "1"]
[SourceVersionDate "2019.05.31"]
[SourceQuality "1"]

1. e4 e5 2. Nc3 Bc5 3. Nf3 Nc6 4. Bc4 Nf6 5. h3 d6 6. d3 a6 7. a3 Be6 8. Bxe6 fxe6 9. Qe2 0-0 10. Be3 Bd4 11. Bxd4 exd4 12. Nb1 Nh5 13. g3 Qf6 14. Nbd2 b5 15. Rc1 b4 16. axb4 Nxb4 17. 0-0 e5 18. c3 dxc3 19. bxc3 Nc6 20. d4 Qf7 21. d5 Nd8 22. Ra1 Qg6 23. Kh2 Nb7 24. Nh4 Qf7 25. Ng2 Nc5 26. f4 exf4 27. gxf4 Rfe8 28. c4 Qg6 29. f5 Qg3+ 30. Kg1 Qxh3 31. Rf3 Ng3 32. Rxg3 Qxg3 33. Rf1 Rab8 34. f6 Rf8 35. Rf3 Qg4 36. e5 Qd4+ 37. Rf2 Nd3 38. Nf3 Qxf2+ 39. Qxf2 Nxf2 40. Kxf2 dxe5 41. Nxe5 Rxf6+ 42. Ke3 a5 43. Kd4 Rf2 0-1

[Event "Krakow op-B 29th"]
[Site "Krakow"]
[Date "2018.12.27"]
[Round "1"]
[White "Kusnetsov, Igor"]
[Black "Hasterok, Mateusz"]
[Result "1-0"]
[WhiteElo "2094"]
[BlackElo "1884"]
[PlyCount "71"]
[EventDate "2018.12.27"]
[EventType "swiss"]
[EventRounds "9"]
[EventCountry "POL"]
[SourceTitle "CBM 189 Extra"]
[Source "ChessBase"]
[SourceDate "2019.05.31"]
[SourceVersion "1"]
[SourceVersionDate "2019.05.31"]
[SourceQuality "1"]

1. c4 e5 2. Nc3 Nf6 3. e4 Bc5 4. g3 d6 5. h3 Nc6 6. Bg2 Be6 7. d3 Nd4 8. Nge2 c6 9. 0-0 Qd7 10. Kh2 h5 11. Nxd4 Bxd4 12. Qe2 0-0-0 13. Be3 Bxe3 14. Qxe3 h4 15. g4 Bxg4 16. Qxa7 Be6 17. Nd5 Bxd5 18. cxd5 Qc7 19. Rac1 c5 20. f4 b6 21. Qa8+ Qb8 22. Qc6+ Qc7 23. Qa8+ Qb8 24. Qa4 Rd7 25. fxe5 dxe5 26. b4 Ra7 27. Qb3 Qd6 28. a4 Kd7 29. bxc5 bxc5 30. Qb5+ Ke7 31. Rxc5 Rb8 32. Qc4 Rb2 33. Rc6 Qb8 34. d6+ Kd8 35. Rc1 Ra8 36. Qxf7 1-0

[Event "UKR-chT Clubs"]
[Site "Alushta"]
[Date "2011.05.21"]
[Round "9.4"]
[White "Babiy, Petr"]
[Black "Kusnetsov, Igor"]
[Result "1-0"]
[WhiteElo "2112"]
[BlackElo "2125"]
[PlyCount "163"]
[EventDate "2011.05.13"]
[EventType "team-tourn"]
[EventRounds "9"]
[EventCountry "UKR"]
[SourceTitle "CBM 142 Extra"]
[Source "ChessBase"]
[SourceDate "2011.06.27"]
[SourceVersion "1"]
[SourceVersionDate "2011.06.27"]
[SourceQuality "1"]
[WhiteTeam "Kiev Kashtan"]
[BlackTeam "Nikopol Nika-NZF"]
[WhiteTeamCountry "UKR"]
[BlackTeamCountry "UKR"]

1. Nf3 g6 2. c4 f5 3. Nc3 Nf6 4. d4 Bg7 5. Bf4 d6 6. h3 c6 7. e3 0-0 8. Qb3 a5 9. Na4 h6 10. Nb6 a4 11. Nxa4 Qa5+ 12. Nc3 Ne4 13. c5+ Kh7 14. cxd6 exd6 15. Bd3 Nd7 16. 0-0 d5 17. Qc2 b6 18. Rfd1 Bb7 19. Nd2 Qb4 20. f3 Bxd4 21. fxe4 fxe4 22. Ndxe4 Rxf4 23. exd4 dxe4 24. Bxe4 Qd6 25. Ne2 Rf6 26. Rf1 Raf8 27. Rxf6 Qxf6 28. Rc1 Qf2+ 29. Kh1 Rf6 30. a4 Kg7 31. b4 Re6 32. Nc3 Qe3 33. Rd1 Nf6 34. Bf3 Bc8 35. Qd2 Bd7 36. a5 bxa5 37. bxa5 Qxd2 38. Rxd2 Re3 39. Rc2 Re7 40. Re2 Rxe2 41. Nxe2 Ne8 42. Nc3 Nc7 43. Na4 Nb5 44. Nb6 Bf5 45. a6 Na7 46. d5 cxd5 47. Bxd5 Kf6 48. Bb7 Ke5 49. Nc4+ Kd4 50. Nd6 Bd7 51. Kh2 Kc5 52. Nf7 h5 53. Kg3 Be8 54. Ne5 g5 55. Kf2 Kb6 56. Ke3 Nb5 57. Nc4+ Kc5 58. Nd2 Kb6 59. Ne4 g4 60. h4 Nc7 61. Nd6 Ba4 62. Nc8+ Kc5 63. g3 Bc6 64. Ne7 Bxb7 65. axb7 Na6 66. Nf5 Kc6 67. Ng7 Kxb7 68. Nxh5 Kc6 69. Kf4 Kd6 70. Kxg4 Ke6 71. Kg5 Kf7 72. Kh6 Nc7 73. g4 Kg8 74. Nf6+ Kh8 75. Kg6 Ne6 76. Kf7 Nf4 77. Ne4 Kh7 78. h5 Nxh5 79. gxh5 Kh8 80. Kg6 Kg8 81. h6 Kh8 82. Nd6 1-0

[Event "UKR-chT Clubs"]
[Site "Alushta"]
[Date "2011.05.19"]
[Round "7.4"]
[White "Kusnetsov, Igor"]
[Black "Pavlov, Maxim"]
[Result "1-0"]
[WhiteElo "2125"]
[BlackElo "2364"]
[PlyCount "141"]
[EventDate "2011.05.13"]
[EventType "team-tourn"]
[EventRounds "9"]
[EventCountry "UKR"]
[SourceTitle "CBM 142 Extra"]
[Source "ChessBase"]
[SourceDate "2011.06.27"]
[SourceVersion "1"]
[SourceVersionDate "2011.06.27"]
[SourceQuality "1"]
[WhiteTeam "Nikopol Nika-NZF"]
[BlackTeam "Crimea Gaz"]
[WhiteTeamCountry "UKR"]
[BlackTeamCountry "UKR"]

1. e4 c5 2. c4 Nc6 3. Nc3 g6 4. g3 Bg7 5. Bg2 e6 6. Nge2 Nge7 7. 0-0 0-0 8. d3 Nd4 9. Rb1 d6 10. a3 b6 11. b4 Bb7 12. Be3 Qd7 13. Qd2 Rfe8 14. Bh6 Bh8 15. h4 Nec6 16. Nf4 Ne5 17. f3 f6 18. Nfe2 Nxe2+ 19. Nxe2 cxb4 20. axb4 d5 21. Bf4 dxc4 22. Bxe5 fxe5 23. Rfd1 Rad8 24. Rb2 cxd3 25. Nc1 Ba6 26. Bf1 Rf8 27. Kg2 Qf7 28. Qf2 Bc4 29. Bxd3 Rd4 30. Rbd2 Bxd3 31. Nxd3 Bg7 32. Ne1 Rc8 33. Rb1 Qd7 34. Re2 Bf8 35. Nc2 Rd3 36. Ne1 Rdc3 37. Rd2 Qb5 38. Qe2 Qxe2+ 39. Rxe2 R8c4 40. Reb2 b5 41. Ra2 Rxb4 42. Rd1 Rd4 43. Rb1 b4 44. Rxa7 Rd2+ 45. Kh3 h5 46. Rb7 Re3 47. Rc1 Rde2 48. Rc6 Rxe1 49. Rxe6 Rxf3 50. Rxg6+ Kh8 51. Rg5 Rf6 52. Rxh5+ Rh6 53. Rxe5 Rf1 54. Rg5 Rh7 55. Rb8 Rg7 56. Rf5 Rxf5 57. exf5 Rf7 58. g4 Kh7 59. Rb5 Rc7 60. g5 Rc3+ 61. Kg4 b3 62. Rb7+ Kg8 63. Kh5 Rf3 64. f6 Bd6 65. Kg6 Rf4 66. Rxb3 Rxh4 67. Rd3 Bc7 68. f7+ Kf8 69. Re3 Be5 70. Rxe5 Re4 71. Re8+ 1-0

[Event "Zaporozhye Ermak Cup 6th"]
[Site "Zaporozhye"]
[Date "2010.06.28"]
[Round "9"]
[White "Kusnetsov, Igor"]
[Black "Ivanko, Nikolay"]
[Result "1-0"]
[WhiteElo "2134"]
[BlackElo "2169"]
[PlyCount "61"]
[EventDate "2010.06.23"]
[EventType "swiss"]
[EventRounds "9"]
[EventCountry "UKR"]
[SourceTitle "CBM 137 Extra"]
[Source "ChessBase"]
[SourceDate "2010.09.01"]
[SourceVersion "1"]
[SourceVersionDate "2010.09.01"]
[SourceQuality "1"]

1. c4 d5 2. cxd5 Nf6 3. Nc3 Nxd5 4. g3 g6 5. Bg2 c6 6. Qb3 Nb6 7. Nf3 Bg7 8. d3 0-0 9. h4 Bg4 10. Ng5 h6 11. f3 hxg5 12. fxg4 gxh4 13. gxh4 N8d7 14. h5 Nc5 15. Qc2 Qd6 16. Rh3 Be5 17. Bf3 f5 18. gxf5 Rxf5 19. Be3 Bf4 20. Qd2 gxh5 21. 0-0-0 Bxe3 22. Qxe3 Qf4 23. Qxf4 Rxf4 24. Rxh5 Ne6 25. Rg1+ Kf7 26. Rh6 Ng7 27. Rh7 Rg8 28. Ne4 Kf8 29. Nc5 Rxf3 30. exf3 Nd5 31. Rhxg7 1-0

[Event "Zaporozhye Ermak Cup 6th"]
[Site "Zaporozhye"]
[Date "2010.06.27"]
[Round "7"]
[White "Kusnetsov, Igor"]
[Black "Ljukin, Sergei"]
[Result "0-1"]
[WhiteElo "2134"]
[BlackElo "2367"]
[PlyCount "96"]
[EventDate "2010.06.23"]
[EventType "swiss"]
[EventRounds "9"]
[EventCountry "UKR"]
[SourceTitle "CBM 137 Extra"]
[Source "ChessBase"]
[SourceDate "2010.09.01"]
[SourceVersion "1"]
[SourceVersionDate "2010.09.01"]
[SourceQuality "1"]

1. e4 e6 2. d4 d5 3. Nd2 Nf6 4. e5 Nfd7 5. Bd3 c5 6. c3 Nc6 7. Ne2 cxd4 8. cxd4 f6 9. Nf4 Nxd4 10. Qh5+ Ke7 11. exf6+ Nxf6 12. Ng6+ hxg6 13. Qxh8 Kf7 14. Qh4 e5 15. Nf3 Bb4+ 16. Kf1 e4 17. Nxd4 exd3 18. Bg5 Qb6 19. Bxf6 Qxf6 20. Qxf6+ gxf6 21. Rd1 b6 22. a3 Bc5 23. Nb5 Bd7 24. Nc3 d4 25. Ne4 Re8 26. f3 f5 27. Ng3 Ba4 28. Rd2 Bd6 29. Kf2 Bf4 30. Rxd3 Be3+ 31. Rxe3 dxe3+ 32. Ke2 Bb5+ 33. Kd1 Rd8+ 34. Kc1 Rd2 35. Re1 Rxg2 36. f4 e2 37. Kd2 Rxh2 38. Ke3 Kf6 39. a4 Ba6 40. b4 Bc4 41. a5 bxa5 42. bxa5 a6 43. Nh1 g5 44. fxg5+ Kxg5 45. Rg1+ Kf6 46. Ng3 Ke5 47. Kd2 f4 48. Nh1 Bd5 0-1

[Event "Kiev Independence Cup-A 9th"]
[Site "Kiev"]
[Date "2009.08.22"]
[Round "10"]
[White "Kusnetsov, Igor"]
[Black "Burdalev, Kirill"]
[Result "0-1"]
[WhiteElo "2135"]
[BlackElo "2204"]
[PlyCount "72"]
[EventDate "2009.08.13"]
[EventType "swiss"]
[EventRounds "11"]
[EventCountry "UKR"]
[SourceTitle "CBM 131 Extra"]
[Source "ChessBase"]
[SourceDate "2009.09.03"]
[SourceVersion "2"]
[SourceVersionDate "2009.09.16"]
[SourceQuality "1"]

1. c4 c6 2. Nc3 d5 3. d4 Nf6 4. Nf3 e6 5. g3 dxc4 6. Ne5 b5 7. Bg2 Nd5 8. 0-0 Bb7 9. f4 Nd7 10. Nxd7 Qxd7 11. e4 Nxc3 12. bxc3 Be7 13. Qg4 0-0 14. f5 exf5 15. exf5 Bf6 16. Qf3 Rab8 17. Bf4 c5 18. d5 Rbd8 19. Rad1 Qxf5 20. g4 Qc2 21. Qe3 Qxc3 22. Qxc5 a6 23. Rfe1 h6 24. Qb6 Bc8 25. h3 Rfe8 26. Rxe8+ Rxe8 27. d6 Re1+ 28. Rxe1 Bd4+ 29. Qxd4 Qxd4+ 30. Be3 Qxd6 31. Bf2 Be6 32. Bf3 c3 33. Rd1 Qc7 34. Kg2 c2 35. Rc1 Bxa2 36. Be4 Qf4 0-1

[Event "Kiev Independence Cup-A 9th"]
[Site "Kiev"]
[Date "2009.08.18"]
[Round "6"]
[White "Artemchuk, Taras"]
[Black "Kusnetsov, Igor"]
[Result "1/2-1/2"]
[WhiteElo "2234"]
[BlackElo "2135"]
[PlyCount "35"]
[EventDate "2009.08.13"]
[EventType "swiss"]
[EventRounds "11"]
[EventCountry "UKR"]
[SourceTitle "CBM 131 Extra"]
[Source "ChessBase"]
[SourceDate "2009.09.03"]
[SourceVersion "2"]
[SourceVersionDate "2009.09.16"]
[SourceQuality "1"]

1. d4 f5 2. Nf3 Nf6 3. g3 g6 4. Bg2 Bg7 5. 0-0 0-0 6. c4 d6 7. Nc3 Qe8 8. d5 Na6 9. Rb1 Nc5 10. Be3 e5 11. dxe6 Nxe6 12. Nd5 Ng4 13. Bd2 c6 14. Nf4 Ne5 15. Nxe6 Bxe6 16. b3 Nxf3+ 17. Bxf3 Rd8 18. Be3 1/2-1/2

[Event "Kiev Independence Cup-A 9th"]
[Site "Kiev"]
[Date "2009.08.16"]
[Round "4"]
[White "Kusnetsov, Igor"]
[Black "Bortnyk, Olexandr"]
[Result "1-0"]
[WhiteElo "2135"]
[BlackElo "2308"]
[PlyCount "113"]
[EventDate "2009.08.13"]
[EventType "swiss"]
[EventRounds "11"]
[EventCountry "UKR"]
[SourceTitle "CBM 131 Extra"]
[Source "ChessBase"]
[SourceDate "2009.09.03"]
[SourceVersion "2"]
[SourceVersionDate "2009.09.16"]
[SourceQuality "1"]

1. c4 f5 2. d4 Nf6 3. Nc3 d6 4. g3 g6 5. Bg2 Bg7 6. Nf3 0-0 7. 0-0 Qe8 8. b3 c6 9. Bb2 e5 10. dxe5 dxe5 11. Ba3 Rf7 12. Ng5 Rd7 13. Qc2 h6 14. Nh3 g5 15. f3 Rf7 16. Nf2 Be6 17. Bh3 Nbd7 18. Rad1 Rc8 19. Bxf5 Bxf5 20. Qxf5 Nd5 21. Qd3 Nxc3 22. Qxc3 e4 23. Qc2 exf3 24. exf3 Ne5 25. Ne4 Nxf3+ 26. Kg2 Nd4 27. Qd3 Rxf1 28. Rxf1 Rd8 29. Nf6+ Bxf6 30. Rxf6 Kg7 31. Rf8 Qd7 32. Rxd8 Qxd8 33. Bc5 Ne6 34. Qxd8 Nxd8 35. Bxa7 Kf6 36. Kf3 Ne6 37. Ke4 g4 38. Be3 h5 39. a4 Nc7 40. b4 Ke6 41. b5 Ne8 42. bxc6 Nd6+ 43. Kd4 bxc6 44. Kc5 Kd7 45. Bf4 Ne4+ 46. Kd4 Nf2 47. a5 Kc8 48. a6 Nh3 49. Be3 Kb8 50. Ke5 c5 51. Kd6 Ka7 52. Kxc5 Kxa6 53. Kc6 Ka5 54. Kd7 Kb4 55. c5 Ng5 56. Bxg5 Kxc5 57. Ke6 1-0

[Event "Stepichev Memorial 15th"]
[Site "Kiev"]
[Date "2007.12.25"]
[Round "5"]
[White "Kusnetsov, Igor"]
[Black "Petrova, Irina"]
[Result "1-0"]
[WhiteElo "2135"]
[BlackElo "2059"]
[PlyCount "71"]
[EventDate "2007.12.21"]
[EventType "swiss"]
[EventRounds "9"]
[EventCountry "UKR"]
[SourceTitle "CBM 122 Extra"]
[Source "ChessBase"]
[SourceDate "2008.03.04"]
[SourceVersion "1"]
[SourceVersionDate "2008.03.04"]
[SourceQuality "1"]

1. e4 c5 2. c4 d6 3. Nc3 Nc6 4. g3 g6 5. Bg2 Bg7 6. Nge2 e6 7. d3 Nge7 8. 0-0 0-0 9. Rb1 Rb8 10. Be3 Nd4 11. a3 a6 12. b4 Nxe2+ 13. Nxe2 cxb4 14. axb4 Bd7 15. d4 d5 16. exd5 exd5 17. c5 Bb5 18. Bf4 Rc8 19. Re1 Bxe2 20. Rxe2 Nf5 21. Bh3 Qd7 22. Qd3 Rfe8 23. Rbe1 h6 24. Bxf5 gxf5 25. f3 Rxe2 26. Rxe2 Re8 27. Be5 Qe6 28. Kf2 Qd7 29. Re1 f6 30. Bf4 Kf7 31. Qd2 Rxe1 32. Kxe1 Qe6+ 33. Kf2 Kg6 34. Qd3 Qc6 35. g4 Qd7 36. Kg3 1-0

[Event "Kiev Independence Cup-B 7th"]
[Site "Kiev"]
[Date "2007.08.10"]
[Round "8"]
[White "Kusnetsov, Igor"]
[Black "Gubay, Nikolay"]
[Result "1-0"]
[WhiteElo "2190"]
[BlackElo "2156"]
[PlyCount "49"]
[EventDate "2007.08.03"]
[EventType "swiss"]
[EventRounds "9"]
[EventCountry "UKR"]
[SourceTitle "EXT 2023"]
[Source "ChessBase"]
[SourceDate "2022.10.05"]
[SourceVersion "1"]
[SourceVersionDate "2022.10.05"]
[SourceQuality "1"]

1. g3 Nf6 2. Bg2 e6 3. f4 d5 4. Nf3 c5 5. d3 Nc6 6. 0-0 Bd6 7. Qe1 d4 8. a4 Nb4 9. Na3 Nbd5 10. Nc4 Nb4 11. Na3 0-0 12. c3 Nc6 13. Nc4 Rb8 14. h3 Qc7 15. Qf2 Rd8 16. Nfe5 Na5 17. Nxa5 Qxa5 18. Bd2 Nd7 19. b4 cxb4 20. Nc4 Qc7 21. cxb4 b5 22. Na5 Bb7 23. Rfc1 Qb6 24. Nxb7 Rxb7 25. Rc6 1-0

[Event "UKR-chT 14th"]
[Site "Alushta"]
[Date "2007.04.28"]
[Round "9.3"]
[White "Zubarev, Alexander2"]
[Black "Kusnetsov, Igor"]
[Result "1-0"]
[WhiteElo "2511"]
[BlackElo "2140"]
[PlyCount "61"]
[EventDate "2007.04.22"]
[EventType "team-tourn"]
[EventRounds "9"]
[EventCountry "UKR"]
[SourceTitle "EXT 2019"]
[Source "ChessBase"]
[SourceDate "2018.10.10"]
[SourceVersion "1"]
[SourceVersionDate "2018.10.10"]
[SourceQuality "1"]
[WhiteTeam "Kharkov Law Academy"]
[BlackTeam "Nikopol Nika-NZF"]
[WhiteTeamCountry "UKR"]
[BlackTeamCountry "UKR"]

1. e4 e5 2. Bc4 Nc6 3. Nc3 Bc5 4. d3 Nge7 5. Qh5 Ng6 6. Nf3 h6 7. Be3 Bb4 8. 0-0 Bxc3 9. bxc3 Qe7 10. d4 d6 11. Nd2 Nf4 12. Bxf4 exf4 13. Rab1 g6 14. Qf3 g5 15. g3 h5 16. gxf4 Bg4 17. Qd3 gxf4 18. Kh1 Na5 19. Rb5 Nxc4 20. Nxc4 c6 21. Rxb7 Qe6 22. f3 d5 23. exd5 Qxd5 24. Ne5 Be6 25. c4 Qd6 26. c5 Qd8 27. Re1 Qa5 28. Qe4 0-0 29. Rg1+ Kh8 30. Nxf7+ Rxf7 31. Rxf7 1-0

[Event "UKR-chT 14th"]
[Site "Alushta"]
[Date "2007.04.23"]
[Round "2.2"]
[White "Kusnetsov, Igor"]
[Black "Kolesov, Eugeny"]
[Result "1/2-1/2"]
[WhiteElo "2140"]
[BlackElo "2028"]
[PlyCount "62"]
[EventDate "2007.04.22"]
[EventType "team-tourn"]
[EventRounds "9"]
[EventCountry "UKR"]
[SourceTitle "EXT 2019"]
[Source "ChessBase"]
[SourceDate "2018.10.10"]
[SourceVersion "1"]
[SourceVersionDate "2018.10.10"]
[SourceQuality "1"]
[WhiteTeam "Nikopol Nika-NZF"]
[BlackTeam "Pavlograd Tura"]
[WhiteTeamCountry "UKR"]
[BlackTeamCountry "UKR"]

1. e4 c5 2. c4 Nc6 3. Nc3 Nf6 4. g3 g6 5. Bg2 Bg7 6. Nge2 d6 7. d3 a6 8. a4 Bd7 9. 0-0 Rb8 10. h3 0-0 11. Be3 e5 12. Rb1 Nd4 13. b4 cxb4 14. Rxb4 Qa5 15. Qb1 Nc2 16. Rxb7 Rxb7 17. Qxb7 Nxe3 18. fxe3 Qc5 19. Qxa6 Qxe3+ 20. Kh2 Qc5 21. Rb1 Qe3 22. Qxd6 Bxh3 23. Bxh3 Qf2+ 24. Kh1 Qf3+ 25. Kg1 Bh6 26. Rf1 Be3+ 27. Kh2 Ng4+ 28. Bxg4 Qxf1 29. Nd5 Qf2+ 30. Kh1 Qf1+ 31. Kh2 Qf2+ 1/2-1/2

[Event "UKR-chT 14th"]
[Site "Alushta"]
[Date "2007.04.22"]
[Round "1.3"]
[White "Efimenko, Zahar"]
[Black "Kusnetsov, Igor"]
[Result "1-0"]
[WhiteElo "2635"]
[BlackElo "2140"]
[PlyCount "67"]
[EventDate "2007.04.22"]
[EventType "team-tourn"]
[EventRounds "9"]
[EventCountry "UKR"]
[SourceTitle "EXT 2019"]
[Source "ChessBase"]
[SourceDate "2018.10.10"]
[SourceVersion "1"]
[SourceVersionDate "2018.10.10"]
[SourceQuality "1"]
[WhiteTeam "Kiev Keystone"]
[BlackTeam "Nikopol Nika-NZF"]
[WhiteTeamCountry "UKR"]
[BlackTeamCountry "UKR"]

1. d4 f5 2. Nc3 Nf6 3. Bg5 e6 4. e4 fxe4 5. Nxe4 Be7 6. Bxf6 Bxf6 7. Nf3 b6 8. Bd3 Bb7 9. Ne5 Bxe4 10. Bxe4 d5 11. Bd3 Bxe5 12. Qh5+ Kd7 13. dxe5 Nc6 14. 0-0 g6 15. Qe2 Nd4 16. Qd2 c5 17. b4 Qc7 18. c3 Nf5 19. Bb5+ Kd8 20. c4 a6 21. Ba4 b5 22. cxb5 axb5 23. Bxb5 Nd4 24. Bd3 c4 25. Rac1 Qd7 26. Bxc4 dxc4 27. Rfd1 Ke8 28. Rxc4 Rxa2 29. Qxa2 Nf3+ 30. gxf3 Qxd1+ 31. Kg2 Qd8 32. Rc6 Kf8 33. Qxe6 Qg5+ 34. Qg4 1-0

[Event "Kiev-ch"]
[Site "Kiev"]
[Date "2007.01.24"]
[Round "5"]
[White "Docenko, Feodosij"]
[Black "Kusnetsov, Igor"]
[Result "0-1"]
[WhiteElo "2087"]
[BlackElo "2125"]
[PlyCount "78"]
[EventDate "2007.01.20"]
[EventType "swiss"]
[EventRounds "11"]
[EventCountry "UKR"]
[SourceTitle "CBM 116 Extra"]
[Source "ChessBase"]
[SourceDate "2007.03.07"]
[SourceVersion "1"]
[SourceVersionDate "2007.03.07"]
[SourceQuality "1"]

1. d4 f5 2. Bg5 Nf6 3. Nd2 e6 4. e4 fxe4 5. Nxe4 Be7 6. Bxf6 Bxf6 7. Nxf6+ Qxf6 8. Bd3 0-0 9. Nf3 b6 10. Be4 d5 11. Bd3 c5 12. c3 Nc6 13. 0-0 e5 14. Nxe5 Nxe5 15. Bxh7+ Kxh7 16. Qh5+ Kg8 17. dxe5 Qf4 18. Qe2 Rf5 19. Rfe1 Be6 20. g3 Qf3 21. Qxf3 Rxf3 22. Re2 a5 23. Rae1 Raf8 24. Rd2 g5 25. Kf1 Kf7 26. Ke2 Ke7 27. Kf1 b5 28. a4 b4 29. cxb4 axb4 30. Ra1 c4 31. a5 c3 32. bxc3 bxc3 33. Rc2 Bf5 34. Rca2 d4 35. a6 Be6 36. Rc2 Bb3 37. a7 Bxc2 38. a8Q Rxf2+ 39. Kg1 Rxa8 0-1

[Event "UKR-chT 13th"]
[Site "Alushta"]
[Date "2006.04.15"]
[Round "1.5"]
[White "Kusnetsov, Igor"]
[Black "Zinchenko, Yaroslav"]
[Result "0-1"]
[WhiteElo "2118"]
[BlackElo "2499"]
[PlyCount "125"]
[EventDate "2006.04.15"]
[EventType "team-tourn"]
[EventRounds "9"]
[EventCountry "UKR"]
[SourceTitle "EXT 2019"]
[Source "ChessBase"]
[SourceDate "2018.10.10"]
[SourceVersion "1"]
[SourceVersionDate "2018.10.10"]
[SourceQuality "1"]
[WhiteTeam "Nikopol Nika-NZF"]
[BlackTeam "Simferopol Taurida National Univ"]
[WhiteTeamCountry "UKR"]
[BlackTeamCountry "UKR"]

1. e4 c5 2. c4 Nc6 3. Nc3 e6 4. g3 g6 5. Bg2 Bg7 6. Nge2 Nge7 7. d3 0-0 8. Be3 Nd4 9. 0-0 Rb8 10. Qd2 Re8 11. f4 d6 12. Rab1 Nec6 13. Kh1 Qa5 14. a4 a6 15. Rfd1 Bd7 16. b3 b5 17. axb5 axb5 18. cxb5 Nxb5 19. Nxb5 Rxb5 20. d4 Qxd2 21. Rxd2 c4 22. Rdb2 Reb8 23. b4 Rxb4 24. Rxb4 Rxb4 25. Rxb4 Nxb4 26. Bd2 Nc2 27. Bc3 Kf8 28. Kg1 Ne3 29. Bf3 Ke8 30. Bb4 Nc2 31. Bc3 Kd8 32. Kf2 Kc7 33. h4 Kb6 34. h5 Kb5 35. hxg6 hxg6 36. g4 Ka4 37. e5 dxe5 38. fxe5 Bh6 39. d5 Be3+ 40. Kg3 Kb3 41. d6 Na3 42. Bd4 Bd2 43. Bc5 Nb5 44. Bb7 c3 45. Ba6 Kc4 46. Ba3 Kd5 47. Bb4 Kxe5 48. Bxb5 Bxb5 49. Nxc3 Bc6 50. Kh4 Be1+ 51. Kg5 Bd2+ 52. Kh4 f6 53. Kg3 Be1+ 54. Kh3 g5 55. Kh2 f5 56. gxf5 exf5 57. Kg1 Ke6 58. Kf1 Bg3 59. Ne2 Bb5 60. Kg2 Be5 61. Bc3 Bc6+ 62. Kf2 Bxc3 63. Nxc3 0-1